000 00402nam a22001217a 4500
008 160712b xxu||||| |||| 00| 0 eng d
050 _aAY 10 .U55 2011
100 _aUniversity of Nairobi
_d2011.
245 _aAcademic calendar/
_cUniversity of Nairobi
260 _aNairobi:
_bUniversity of Nairobi,
_c2011.
300 _axxx, 847p. :
_c19 cm.
942 _2lcc
_cREF_BOOK
_hAY 10 .U55 2011
999 _c11726
_d11726